| 000 | 01126nam a22002777a 4500 | ||
|---|---|---|---|
| 005 | 2012101008508.0 | ||
| 008 | 121010t xxu||||| |||| 00| 0 eng d | ||
| 010 | _aENG-106055 | ||
| 020 |
_a9781259025808 _c550.00 |
||
| 020 |
_a1259025802 _c550.00 |
||
| 035 | _aEN-89588 | ||
| 037 | _bDBAD/PUB | ||
| 040 |
_aDPL _bEng |
||
| 082 | 0 | 0 |
_a658.4013 _223 |
| 100 | 1 |
_aAdams, James L. _952999 |
|
| 245 | 1 | 0 |
_aGood products, bad products : _bessential elements to achieving superior quality / _cby James L. Adams |
| 260 |
_aNew Delhi _bTata McGraw-Hill _cc2012 |
||
| 270 |
_a7, West Patel Nagar _bNew Delhi _e110008 |
||
| 300 |
_axiv, 255p. _c23cm(pbk) |
||
| 500 | _aIncludes bibliographical references and index. | ||
| 650 | 0 |
_aQuality of products. _953000 |
|
| 650 | 0 |
_aManufacturing industries _xQuality control. _953001 |
|
| 942 |
_2ddc _cEN _h658.4013 _mADA |
||
| 999 |
_c70751 _d70751 |
||